Phases finales de la Ligue des Champions 2020-2021. - Statistiques

Statistiques générales
  • Ce quiz a été pris 1 104 fois
  • Le résultat moyen est 12 sur 16
Statistiques - réponses
Réponse % Correct
Manchester City
99%
Real Madrid
99%
Paris SG
99%
Chelsea FC
96%
Bayern Munich
96%
FC Barcelone
93%
Liverpool FC
88%
Borussia Dortmund
85%
Juventus
84%
FC Porto
78%
Atlético de Madrid
75%
RB Leipzig
65%
Séville FC
53%
Atalanta Bergame
47%
SS Lazio
40%
Borussia Mönchengladbach
18%
Aucun quiz correspondant
Distribution des résultats
% des personnes avec chaque résultat
Percentile par nombre de réponses
Votre historique - résultats
Vous n’avez pas pris ce quiz